[Event "AUT-ch Vor4 Internet"]
[Site "Playchess.com INT"]
[Date "2020.04.25"]
[Round "2"]
[White "Breneis, Gerhard"]
[Black "Horvath, Dominik"]
[Result "0-1"]
[WhiteElo "1990"]
[BlackElo "2446"]
[PlyCount "106"]
[EventDate "2020.04.25"]
[EventType "swiss (blitz)"]
[EventRounds "9"]
[EventCountry "AUT"]
[SourceTitle "EXT 2021"]
[Source "ChessBase"]
[SourceDate "2020.10.23"]
[SourceVersion "1"]
[SourceVersionDate "2020.10.23"]
[SourceQuality "1"]

1. e4 e5 2. Nc3 Nf6 3. f4 d5 4. fxe5 Nxe4 5. d3 Nxc3 6. bxc3 c5 7. Nf3 Nc6 8. d4 Be7 9. Bd3 c4 10. Be2 Qa5 11. Bd2 Qa4 12. 0-0 Bf5 13. Ne1 Bg6 14. Bf3 Rd8 15. Qb1 b6 16. Qb2 0-0 17. Rb1 Ba3 18. Qb5 Qxb5 19. Rxb5 Ne7 20. Bg5 f6 21. exf6 gxf6 22. Bd2 Be4 23. Bh6 Rf7 24. Bh5 Ng6 25. Bd1 f5 26. Nf3 Re8 27. Ng5 Rd7 28. Nxe4 fxe4 29. Bg4 Rdd8 30. Rf5 Bf8 31. Bxf8 Rxf8 32. Rbxd5 Rxd5 33. Rxd5 e3 34. Rd6 Nf4 35. Rd7 h5 36. Bf3 Re8 37. g3 e2 38. Bxe2 Nxe2+ 39. Kf2 Nxc3 40. Rxa7 Re2+ 41. Kf3 Rxc2 42. Rb7 Rxa2 43. Rxb6 Nd5 44. Rd6 Ra3+ 45. Ke4 Ne7 46. Rh6 c3 47. Kd3 Nd5 48. Rxh5 Nb4+ 49. Ke2 Ra2+ 50. Kd1 c2+ 51. Kd2 Ra1 52. Rc5 Rd1+ 53. Ke2 c1Q 0-1

[Event "AUT-ch Vor4 Internet"]
[Site "Playchess.com INT"]
[Date "2020.04.25"]
[Round "1"]
[White "Breneis, Gerhard"]
[Black "Leitgeb, Julian"]
[Result "1-0"]
[WhiteElo "1990"]
[BlackElo "1400"]
[PlyCount "143"]
[EventDate "2020.04.25"]
[EventType "swiss (blitz)"]
[EventRounds "9"]
[EventCountry "AUT"]
[SourceTitle "EXT 2021"]
[Source "ChessBase"]
[SourceDate "2020.10.23"]
[SourceVersion "1"]
[SourceVersionDate "2020.10.23"]
[SourceQuality "1"]

1. e4 c5 2. b4 d6 3. b5 Nf6 4. f3 g6 5. c4 Bg7 6. Nc3 Nbd7 7. Bb2 a6 8. a4 b6 9. Bd3 Bb7 10. Nge2 Ne5 11. Qc2 Nxd3+ 12. Qxd3 Nd7 13. Qc2 Qc7 14. Nd5 Bxd5 15. Bxg7 Rg8 16. Bc3 Bxc4 17. d3 Be6 18. Nf4 Nf8 19. 0-0 g5 20. Ne2 Nd7 21. d4 Bc4 22. Rac1 axb5 23. dxc5 bxc5 24. axb5 Bxb5 25. Rfd1 g4 26. f4 Bc6 27. Ng3 Rh8 28. Bxh8 Ba4 29. Qc3 Bxd1 30. Rxd1 Qa7 31. Ra1 Qxa1+ 32. Qxa1 Rxa1+ 33. Bxa1 Nf8 34. Nf5 Kd7 35. Nh6 Ke8 36. Nxg4 Kd7 37. Ne3 e6 38. Kf2 Kc6 39. Ng4 Kb5 40. Ke3 Kc4 41. Nf6 d5 42. exd5 exd5 43. Ng4 d4+ 44. Ke4 Nd7 45. Ne5+ Nxe5 46. fxe5 d3 47. Ke3 h5 48. Kd2 h4 49. Bc3 Kd5 50. Kxd3 c4+ 51. Ke3 Ke6 52. Kf4 Kd5 53. g4 hxg3 54. hxg3 Ke6 55. Ke4 Ke7 56. Kd4 Ke6 57. g4 f6 58. exf6 Kxf6 59. Ke4+ Kg5 60. Kf3 Kg6 61. Kf4 Kf7 62. Kf5 Kg8 63. g5 Kf7 64. g6+ Kg8 65. Kf6 Kf8 66. Bb4+ Kg8 67. g7 c3 68. Bxc3 Kh7 69. Kf7 Kh6 70. g8Q Kh5 71. Qg3 Kh6 72. Qh4# 1-0

[Event "AUT-ch Vor4 Internet"]
[Site "Playchess.com INT"]
[Date "2020.04.25"]
[Round "9"]
[White "Gartmayer, Stefan"]
[Black "Breneis, Gerhard"]
[Result "1-0"]
[WhiteElo "1914"]
[BlackElo "1990"]
[PlyCount "59"]
[EventDate "2020.04.25"]
[EventType "swiss (blitz)"]
[EventRounds "9"]
[EventCountry "AUT"]
[SourceTitle "EXT 2021"]
[Source "ChessBase"]
[SourceDate "2020.10.23"]
[SourceVersion "1"]
[SourceVersionDate "2020.10.23"]
[SourceQuality "1"]

1. d4 d5 2. Nf3 f5 3. c4 e6 4. Nc3 c6 5. Bf4 Nf6 6. e3 Bd6 7. Bd3 0-0 8. 0-0 Ne4 9. Ne2 Bxf4 10. exf4 Nd7 11. c5 h6 12. b4 a6 13. Rb1 g5 14. g3 g4 15. Ne5 Nxe5 16. fxe5 h5 17. Qc2 h4 18. Nf4 Bd7 19. Ng6 Rf7 20. Nxh4 Rh7 21. f3 gxf3 22. Nxf3 Be8 23. Nh4 Qg5 24. Ng2 Bf7 25. Bxe4 dxe4 26. Nf4 Kg7 27. a4 Rah8 28. Rf2 Kf8 29. Rg2 Bh5 30. Nxe6+ 1-0

[Event "AUT-ch Vor2 Internet"]
[Site "Playchess.com INT"]
[Date "2020.04.13"]
[Round "9"]
[White "Breneis, Gerhard"]
[Black "Teuschler, Hugo"]
[Result "1/2-1/2"]
[WhiteElo "1990"]
[BlackElo "2055"]
[PlyCount "118"]
[EventDate "2020.04.13"]
[EventType "swiss (blitz)"]
[EventRounds "9"]
[EventCountry "AUT"]
[SourceTitle "CBM 195 Extra"]
[Source "ChessBase"]
[SourceDate "2020.05.31"]
[SourceVersion "1"]
[SourceVersionDate "2020.05.31"]
[SourceQuality "1"]

1. e4 c5 2. Nf3 d6 3. Bb5+ Nd7 4. a4 a6 5. Bc4 e6 6. d4 cxd4 7. Qxd4 Ngf6 8. Nc3 Be7 9. 0-0 0-0 10. a5 Nc5 11. b4 e5 12. Qe3 Ne6 13. Nd5 Nxd5 14. Bxd5 Nc7 15. c4 Nxd5 16. cxd5 Bd7 17. Bd2 f5 18. exf5 Bxf5 19. Rfc1 Qd7 20. h3 Rac8 21. Qe2 Bf6 22. Ng5 h6 23. Ne4 Be7 24. f3 Rxc1+ 25. Rxc1 Rc8 26. Kh2 Rxc1 27. Bxc1 Qc7 28. Bb2 Bd7 29. f4 exf4 30. Qd2 Bf5 31. Qxf4 Bxe4 32. Qxe4 Bf8 33. Qe6+ Qf7 34. Qe4 Qd7 35. Bd4 Kh8 36. Qe3 Kg8 37. Qd2 Kh7 38. Qd3+ Kg8 39. Bb2 Qf7 40. Qe4 Kh8 41. h4 Kg8 42. Kh3 Qd7+ 43. g4 Qf7 44. g5 Qf1+ 45. Kg3 Qg1+ 46. Qg2 Qe3+ 47. Qf3 Qe1+ 48. Qf2 Qh1 49. g6 Qxd5 50. Kg4 Qe6+ 51. Qf5 Qc4+ 52. Kh3 Qb3+ 53. Kg4 Qc4+ 54. Kg3 Qb3+ 55. Kf4 Qc4+ 56. Kf3 Qb3+ 57. Kf4 Qc4+ 58. Kf3 Qb3+ 59. Kg4 Qc4+ 1/2-1/2

[Event "AUT-ch Vor1 Internet"]
[Site "Playchess.com INT"]
[Date "2020.04.11"]
[Round "8"]
[White "Schloffer, Jasmin Denise"]
[Black "Breneis, Gerhard"]
[Result "1/2-1/2"]
[WhiteElo "2110"]
[BlackElo "1990"]
[PlyCount "79"]
[EventDate "2020.04.11"]
[EventType "swiss (blitz)"]
[EventRounds "9"]
[EventCountry "AUT"]
[SourceTitle "CBM 195 Extra"]
[Source "ChessBase"]
[SourceDate "2020.05.31"]
[SourceVersion "1"]
[SourceVersionDate "2020.05.31"]
[SourceQuality "1"]

1. d4 d5 2. c4 e6 3. Nc3 f5 4. g3 c6 5. Bg2 Nf6 6. Nf3 Bd6 7. 0-0 0-0 8. Ne5 Bxe5 9. dxe5 Ne4 10. Qc2 Nd7 11. f3 Qb6+ 12. e3 Ng5 13. f4 Ne4 14. Na4 Qd8 15. b3 Re8 16. Ba3 Nb6 17. Nc5 g5 18. Rad1 gxf4 19. exf4 Qc7 20. Nxe4 fxe4 21. Bd6 Qg7 22. a4 Nd7 23. c5 Nf8 24. b4 a6 25. Qb2 Bd7 26. Qe2 Ng6 27. Bh3 Ne7 28. Rb1 Nf5 29. Bxf5 exf5 30. Qh5 Qg6 31. Qxg6+ hxg6 32. Kf2 Kf7 33. Ke3 Rh8 34. h4 Rh5 35. Rh1 Rh7 36. Rh2 Rh5 37. Rhh1 Rh6 38. Rb2 Rh5 39. Rhh2 Rh7 40. Rh1 1/2-1/2

[Event "Wattens op 13th"]
[Site "Wattens"]
[Date "1998.??.??"]
[Round "6"]
[White "Fuchs, Georg"]
[Black "Breneis, Gerhard"]
[Result "1-0"]
[WhiteElo "2180"]
[BlackElo "1875"]
[PlyCount "37"]
[EventDate "1998.??.??"]
[EventType "swiss"]
[EventRounds "9"]
[EventCountry "AUT"]
[SourceTitle "EXT 2000"]
[Source "ChessBase"]
[SourceDate "1999.11.16"]
[SourceVersion "1"]
[SourceVersionDate "1999.11.16"]
[SourceQuality "1"]

1. e4 c5 2. Nf3 d6 3. d4 cxd4 4. Nxd4 Nf6 5. Nc3 a6 6. Be2 g6 7. Be3 Bg7 8. Qd2 Ng4 9. Bxg4 Bxg4 10. f3 Bd7 11. 0-0-0 Nc6 12. Nb3 Na5 13. Nxa5 Qxa5 14. Bd4 f6 15. Qf2 Rc8 16. a3 Be6 17. e5 0-0 18. Rhe1 Rfe8 19. Bb6 1-0

[Event "Wattens op 13th"]
[Site "Wattens"]
[Date "1998.??.??"]
[Round "3"]
[White "Wiesinger, Bianca"]
[Black "Breneis, Gerhard"]
[Result "0-1"]
[WhiteElo "1605"]
[BlackElo "1875"]
[PlyCount "90"]
[EventDate "1998.??.??"]
[EventType "swiss"]
[EventRounds "9"]
[EventCountry "AUT"]
[SourceTitle "EXT 2000"]
[Source "ChessBase"]
[SourceDate "1999.11.16"]
[SourceVersion "1"]
[SourceVersionDate "1999.11.16"]
[SourceQuality "1"]

1. e4 c5 2. Nf3 d6 3. d4 cxd4 4. Nxd4 Nf6 5. Nc3 a6 6. a4 g6 7. Bc4 Bg7 8. 0-0 Qc7 9. Bb3 Nbd7 10. Qf3 Nc5 11. Ba2 0-0 12. b4 Ncd7 13. Bb2 Qb6 14. Nce2 Qxb4 15. Bc3 Qc5 16. Rab1 Ne5 17. Qe3 Neg4 18. Qd3 Bh6 19. Nb3 Qh5 20. h3 Ne5 21. Bxe5 Qxe5 22. Nc3 b5 23. Qd4 Qxd4 24. Nxd4 Bb7 25. axb5 axb5 26. Ndxb5 Nxe4 27. Nxe4 Bxe4 28. Bb3 Rfc8 29. Rfe1 d5 30. Rbd1 Bxc2 31. Bxc2 Rxc2 32. Rxd5 Raa2 33. Rf1 Bf8 34. Rd8 Kg7 35. Rb8 e6 36. Nd4 Rd2 37. Nf3 Rdc2 38. Nd4 Rd2 39. Nf3 Re2 40. Nd4 Re4 41. Nf3 Bc5 42. Rb5 Ba7 43. Re5 Rb4 44. Ne1 Rbb2 45. Nd3 Rd2 0-1